Unnayanar punarchintan/ (Record no. 11390)

MARC details
000 -LEADER
fixed length control field 00576nam a22002057a 4500
005 - DATE AND TIME OF LATEST TRANSACTION
control field 20220922104817.0
008 - FIXED-LENGTH DATA ELEMENTS--GENERAL INFORMATION
fixed length control field 220922b ||||| |||| 00| 0 eng d
020 ## - INTERNATIONAL STANDARD BOOK NUMBER
International Standard Book Number 9789382976844
040 ## - CATALOGING SOURCE
Original cataloging agency IN-DiNC
Transcribing agency IN-DiNC
041 ## - LANGUAGE CODE
Language code of sung or spoken text Assamese
082 ## - DEWEY DECIMAL CLASSIFICATION NUMBER
Classification number 303.44
Item number SAI
100 ## - MAIN ENTRY--PERSONAL NAME
Personal name Saikia, Kabyashree
Relator term Author
245 ## - TITLE STATEMENT
Title Unnayanar punarchintan/
Statement of responsibility, etc. by Kabyashree Saikia and Bijumoni Borah
250 ## - EDITION STATEMENT
Edition statement 2nd. ed.
260 ## - PUBLICATION, DISTRIBUTION, ETC.
Place of publication, distribution, etc. Golaghat:
Name of publisher, distributor, etc. Saraswati prakashan,
Date of publication, distribution, etc. 2022
300 ## - PHYSICAL DESCRIPTION
Extent 152p.
650 ## - SUBJECT ADDED ENTRY--TOPICAL TERM
Topical term or geographic name entry element Rethinking development
700 ## - ADDED ENTRY--PERSONAL NAME
Personal name Borah, Bijumoni
Relator term Author
942 ## - ADDED ENTRY ELEMENTS (KOHA)
Source of classification or shelving scheme Dewey Decimal Classification
Koha item type Books
Holdings
Withdrawn status Lost status Source of classification or shelving scheme Damaged status Not for loan Collection code Home library Current library Shelving location Date acquired Cost, normal purchase price Total Checkouts Full call number Barcode Date last seen Date last checked out Copy number Price effective from Koha item type
    Dewey Decimal Classification     Sociology Central Library, Naharkatiya College Central Library, Naharkatiya College General Stacks 22/09/2022 150.00 11 303.44 SAI 29067 13/12/2023 05/12/2023 1 22/09/2022 Books
    Dewey Decimal Classification     Sociology Central Library, Naharkatiya College Central Library, Naharkatiya College General Stacks 22/09/2022 150.00   303.44 SAI 29068 22/09/2022   2 22/09/2022 Books
    Dewey Decimal Classification     Sociology Central Library, Naharkatiya College Central Library, Naharkatiya College General Stacks 22/09/2022 150.00 19 303.44 SAI 29069 13/12/2023 25/11/2023 3 22/09/2022 Books

Naharkatiya College © 2020. All rights reserved.

Powered By